Fluid-structure vibration and liquid sloshing /

Bibliographic Details
Corporate Authors: Pressure Vessels and Piping Conference San Diego, Calif., American Society of Mechanical Engineers. Pressure Vessels and Piping Division
Other Authors: Ma, D. C., Su, T. C.
Format: Conference Proceeding Book
Language:English
Published: New York, N.Y. (345 E. 47th St., New York 10017) : American Society of Mechanical Engineers, [1987]
Series:PVP (Series) ; vol. 128.
Subjects:

MARC

Tag First Indicator Second Indicator Subfields
LEADER 00000cam a2200000 a 4500
001 in00000007204
005 20151005050056.0
008 870514s1987 nyua b 10010 eng
010 |a  87071403  
035 |a (OCoLC)16309768 
035 |9 AAA1684AM 
040 |a DLC  |c DLC  |d TXA  |d UtOrBLW 
049 |a TXAM  |c [A12543150] 
050 0 0 |a TA357  |b .P734 1987 
082 0 |a 681/.76041  |2 19 
111 2 |a Pressure Vessels and Piping Conference  |d (1987 :  |c San Diego, Calif.) 
245 1 0 |a Fluid-structure vibration and liquid sloshing /  |c presented at the 1987 Pressure Vessels and Piping Conference, San Diego, California, June 28- July 2, 1987 ; sponsored by the Pressure Vessels and Piping Division, ASME ; edited by D.C. Ma, T.C. Su. 
264 1 |a New York, N.Y. (345 E. 47th St., New York 10017) :  |b American Society of Mechanical Engineers,  |c [1987] 
264 4 |c ©1987 
300 |a v, 112 pages :  |b illustrations ;  |c 28 cm. 
336 |a text  |b txt  |2 rdacontent 
337 |a unmediated  |b n  |2 rdamedia 
338 |a volume  |b nc  |2 rdacarrier 
490 1 |a PVP ;  |v vol. 128 
504 |a Includes bibliographies. 
650 0 |a Fluid dynamics  |v Congresses. 
650 0 |a Sloshing (Hydrodynamics)  |x Congresses. 
650 0 |a Pressure vessels  |x Fluid dynamics  |v Congresses. 
650 0 |a Vibration  |v Congresses. 
700 1 |a Ma, D. C. 
700 1 |a Su, T. C. 
710 2 |a American Society of Mechanical Engineers.  |b Pressure Vessels and Piping Division. 
830 0 |a PVP (Series) ;  |v vol. 128. 
999 |a MARS 
999 f f |s d15f73c5-dbef-3245-953b-ae7c00928fbb  |i 129c5a6c-f6c7-3975-b2a5-ac138ecb34a5  |t 0 
952 f f |p ric  |a Texas A&M University  |b Rellis Campus  |c Joint Library Facility  |d Remote Storage  |t 0  |e TA357 .P734 1987  |h Library of Congress classification  |i unmediated -- volume  |m A14812543150 
998 f f |a TA357 .P734 1987  |t 0  |l Remote Storage